Statistiken für Berühmte Parks

Klicken Sie hier um das Quiz zu spielen!

Allgemein

  • Dieses Quiz wurde 102 mal gespielt
  • Das Durchschnittsergebnis liegt bei 10 aus 20

Antwortstatistiken

HintAntwort% Korrekt
Central ParkNew York
99%
Hyde ParkLondon
92%
Englischer GartenMünchen
88%
Großer TiergartenBerlin
84%
PraterWien
82%
Champ de MarsParis
75%
WestfalenparkDortmund
74%
Park SanssouciPotsdam
69%
Bergpark WilhelmshöheKassel
54%
Gorki-ParkMoskau
49%
Planten un BlomenHamburg
40%
Gruga-ParkEssen
33%
Herrenhäuser GärtenHannover
30%
AaseeparkMünster
25%
NiddaparkFrankfurt
15%
Großer GartenDresden
14%
Landschaftspark NordDuisburg
13%
Fürst Pückler ParkBad Muskau
11%
Boboli-GartenFlorenz
9%
FrognerparkOslo
9%

Verteilung der Resultate

Perzentil nach korrekt beantworteten Fragen

Anzahl Personen mit jedem Resultat

Ihre Resultats-Entwicklung

Sie haben dieses Quiz noch nicht gespielt